000
00201 a2200097 4500
001
55328
100
_a
245
_a
Good skin
260
_a
London
_b
Holland pub
_c
2005
090
_c
34312
_d
34312
942
_a
NUST-CAE
_c
MONOGRAPH
_c
27017
999
_c
290401
_d
290401